Statistics for Cities with the Most Foreign Embassies

Click here to take the quiz!

General Stats

  • This quiz has been taken 40,663 times
    (30,394 since last reset)
  • The average score is 16 of 21

Answer Stats

#City% Correct
168London
98%
158Paris
97%
177Washington DC
97%
148Moscow
94%
166Beijing
93%
160Berlin
93%
153Tokyo
93%
140Rome
91%
121Madrid
90%
150New Delhi
81%
130Ottawa
78%
141Cairo
74%
110Seoul
74%
131Brasilia
73%
183Brussels
73%
107Stockholm
65%
117Vienna
60%
125Ankara
57%
133Pretoria
38%
107The Hague
23%
108Addis Ababa
17%

Score Distribution

Percentile by Number Answered

Percent of People with Each Score

Your Score History

You have not taken this quiz since the last reset